000 00800nas a2200253 4500
001 BR7902316
003 BR-BrBNA
005 20231205083704.0
007 ta
008 230509b bl.|||p| |||| 00| 00por d
040 _aBR-BrBNA
_bpor
_cBiblioteca Nacional de Agricultura
041 _a(Pt)
072 _aH60
100 1 _aLourenco, A.J.
100 1 _aSartini, H.J.
100 1 _aSantamaria, M.
245 1 _aAvaliacao de invasao da grama-batatais (Paspalum notatum Flugge)em pasto de capim-elefante-napier (Pennisetum purpureum Schum.)
650 _aERVA DANINHA
650 _aCAPIM ELEFANTE NAPIER
650 _aPASTAGEM
773 0 _tZootecnia (Brazil)
_xISSN 0044-5320
_g(Jul 1978), v. 16(3) p. 117-122
_wBR7902316
909 _a202311
_bLúcia
_c55
_dLúcia Elande
942 _2AGRIS
_n0
_cANA
999 _c100566
_d100566